[Event "EU-ch Seniors 11th"]
[Site "Courmayeur"]
[Date "2011.04.07"]
[Round "2"]
[White "Ortega Morales, Pedro"]
[Black "Lisandri, Luigi"]
[Result "1-0"]
[WhiteElo "1848"]
[BlackElo "1448"]
[PlyCount "104"]
[EventDate "2011.04.06"]
[EventType "swiss"]
[EventRounds "9"]
[EventCountry "ITA"]
[SourceTitle "CBM 141 Extra"]
[Source "ChessBase"]
[SourceDate "2011.05.03"]
[SourceVersion "1"]
[SourceVersionDate "2011.05.03"]
[SourceQuality "1"]

1. d4 d5 2. Bf4 e6 3. e3 Nd7 4. Nf3 Ngf6 5. Bd3 h6 6. Bg3 Bd6 7. Ne5 0-0 8. Nd2 Re8 9. 0-0 Nf8 10. c3 N6d7 11. f4 Nxe5 12. fxe5 Be7 13. Nf3 Bd7 14. e4 c6 15. Qe2 b5 16. a3 a6 17. Qf2 Nh7 18. Rae1 Rf8 19. Qc2 Ng5 20. Nd2 dxe4 21. Bxe4 Nxe4 22. Nxe4 Qa5 23. Rd1 Rab8 24. b4 Qb6 25. a4 bxa4 26. Qxa4 Qb5 27. Qc2 Qb6 28. Ra1 Ra8 29. Ra5 Rfb8 30. Nc5 Bxc5 31. dxc5 Qc7 32. Qa2 Bc8 33. Qd2 Kf8 34. Bh4 Bb7 35. Qd6+ Qxd6 36. cxd6 Ke8 37. d7+ Kf8 38. d8Q+ Rxd8 39. Bxd8 Rxd8 40. Rc5 Rd3 41. Re1 Ke7 42. Kf2 g5 43. Ke2 Rd8 44. Rd1 Rd5 45. g4 f5 46. gxf5 exf5 47. Rdxd5 cxd5 48. Rc7+ Ke6 49. Rxb7 Kxe5 50. Rb6 Ke4 51. Rxh6 g4 52. Re6+ Kf4 1-0

[Event "EU-ch Seniors 11th"]
[Site "Courmayeur"]
[Date "2011.04.06"]
[Round "1"]
[White "Lisandri, Luigi"]
[Black "Gardi, Giuseppe"]
[Result "0-1"]
[WhiteElo "1448"]
[BlackElo "2061"]
[PlyCount "86"]
[EventDate "2011.04.06"]
[EventType "swiss"]
[EventRounds "9"]
[EventCountry "ITA"]
[SourceTitle "CBM 141 Extra"]
[Source "ChessBase"]
[SourceDate "2011.05.03"]
[SourceVersion "1"]
[SourceVersionDate "2011.05.03"]
[SourceQuality "1"]

1. d4 g6 2. Nf3 Bg7 3. e4 d6 4. Bc4 Nf6 5. Nbd2 0-0 6. c3 Nc6 7. a3 Bg4 8. Qc2 e5 9. h3 Bxf3 10. Nxf3 exd4 11. cxd4 Nxe4 12. 0-0 d5 13. Bd3 Nxd4 14. Nxd4 Bxd4 15. Bf4 Nc5 16. Be2 c6 17. Rad1 Ne6 18. Bh2 Re8 19. Bg4 f5 20. Bf3 Qf6 21. Rd2 Be5 22. g3 Nd4 23. Qd1 Nxf3+ 24. Qxf3 Bxb2 25. Qb3 Bd4 26. Qxb7 Rab8 27. Qa6 Bb6 28. Qd3 Re4 29. Qf3 Rbe8 30. Rc2 Re1 31. h4 Rxf1+ 32. Kxf1 Re4 33. Qd3 Qe6 34. Rc1 c5 35. Re1 d4 36. Rc1 Qd5 37. Qc4 Qxc4+ 38. Rxc4 d3 39. Rxe4 fxe4 40. Bg1 c4 41. Ke1 Bd4 42. Kd2 Bb6 43. f4 c3+ 0-1

[Event "EU Union-ch 6th"]
[Site "Arvier"]
[Date "2010.09.06"]
[Round "3"]
[White "Lisandri, Luigi"]
[Black "Renzini, Lorenzo"]
[Result "0-1"]
[WhiteElo "1463"]
[BlackElo "1751"]
[PlyCount "60"]
[EventDate "2010.09.04"]
[EventType "swiss"]
[EventRounds "9"]
[EventCountry "ITA"]
[SourceTitle "CBM 138 Extra"]
[Source "ChessBase"]
[SourceDate "2010.10.29"]
[SourceVersion "1"]
[SourceVersionDate "2010.10.29"]
[SourceQuality "1"]

1. c4 c5 2. Nc3 Nf6 3. b3 g6 4. Bb2 Bg7 5. Rb1 0-0 6. g3 Nc6 7. Bg2 Rb8 8. Nf3 e6 9. 0-0 d5 10. cxd5 exd5 11. d4 Bf5 12. Rc1 cxd4 13. Nxd4 Nxd4 14. Qxd4 Be6 15. e3 a6 16. Qd2 Qa5 17. Rfd1 Rfd8 18. Qe1 Ne4 19. Bxe4 dxe4 20. Qe2 Rxd1+ 21. Rxd1 Bxc3 22. Bxc3 Qxc3 23. Rd4 Bh3 24. Qd1 Rc8 25. Rd8+ Rxd8 26. Qxd8+ Kg7 27. Qd4+ Qxd4 28. exd4 Kf6 29. f3 e3 30. g4 Ke6 0-1

[Event "Wch Seniors 19th"]
[Site "Condino"]
[Date "2009.10.27"]
[Round "1"]
[White "Lisandri, Luigi"]
[Black "Taksrud, Vidar"]
[Result "0-1"]
[WhiteElo "1480"]
[BlackElo "2111"]
[PlyCount "48"]
[EventDate "2009.10.27"]
[EventType "swiss"]
[EventRounds "11"]
[EventCountry "ITA"]
[SourceTitle "EXT 2010"]
[Source "ChessBase"]
[SourceDate "2010.11.25"]
[SourceVersion "1"]
[SourceVersionDate "2010.11.25"]
[SourceQuality "1"]

1. c4 e5 2. b3 Nc6 3. Bb2 Nf6 4. Nc3 Bc5 5. e3 0-0 6. g3 Re8 7. Bg2 e4 8. a3 a5 9. Nge2 Ne5 10. Nc1 d5 11. cxd5 Bg4 12. N3e2 Nd3+ 13. Nxd3 exd3 14. h3 Bxe2 15. Qb1 Nxd5 16. Ra2 c6 17. Qa1 Bf8 18. Qc1 Qg5 19. Bd4 Rad8 20. Qc4 b5 21. Qxc6 Rc8 22. Qxc8 Rxc8 23. Ra1 Bxa3 24. f3 Qxg3# 0-1

[Event "ITA-ch qual"]
[Site "Arvier"]
[Date "2009.09.29"]
[Round "4"]
[White "Lisandri, Luigi"]
[Black "Serrajotto, Marino"]
[Result "0-1"]
[WhiteElo "1480"]
[BlackElo "1733"]
[PlyCount "50"]
[EventDate "2009.09.26"]
[EventType "swiss"]
[EventRounds "9"]
[EventCountry "ITA"]
[SourceTitle "CBM 132 Extra"]
[Source "ChessBase"]
[SourceDate "2009.11.03"]
[SourceVersion "1"]
[SourceVersionDate "2009.11.03"]
[SourceQuality "1"]

1. c4 e5 2. b3 Nc6 3. e3 Nf6 4. Bb2 d6 5. g3 g6 6. Bg2 Bg4 7. Ne2 Qd7 8. 0-0 Bh3 9. a3 h5 10. f4 Bg7 11. Rf2 h4 12. Qf1 hxg3 13. Nxg3 Bxg2 14. Rxg2 0-0-0 15. Qe2 exf4 16. Qf3 fxg3 17. Rxg3 Nh5 18. Bxg7 Nxg7 19. Nc3 Nf5 20. Rg5 Rh4 21. Rf1 Rdh8 22. Rf2 Ne5 23. Qe2 Rh3 24. Nd5 Qd8 25. Nf4 Qxg5+ 0-1

[Event "ITA-ch Seniors 31st"]
[Site "Arvier"]
[Date "2009.05.01"]
[Round "8"]
[White "Lisandri, Luigi"]
[Black "Di Cicco, Daniela"]
[Result "1/2-1/2"]
[WhiteElo "1458"]
[BlackElo "1589"]
[PlyCount "174"]
[EventDate "2009.04.24"]
[EventType "swiss"]
[EventRounds "9"]
[EventCountry "ITA"]
[SourceTitle "EXT 2011"]
[Source "ChessBase"]
[SourceDate "2010.11.26"]
[SourceVersion "1"]
[SourceVersionDate "2010.11.26"]
[SourceQuality "1"]

1. c4 e5 2. e3 d6 3. Nc3 Nf6 4. Be2 Be7 5. b3 0-0 6. Bb2 Bf5 7. Nf3 h6 8. e4 Nxe4 9. Nxe4 Bxe4 10. d3 Bxf3 11. Bxf3 c6 12. 0-0 Nd7 13. Qd2 Bg5 14. Qc3 Re8 15. Rfe1 Nf8 16. g3 Ng6 17. Re2 Re7 18. Rae1 Qe8 19. Bg4 Bf6 20. Qc2 Nf8 21. f4 Ne6 22. fxe5 dxe5 23. Bxe5 Bxe5 24. Rxe5 Rd8 25. Qe2 Nd4 26. Rxe7 Nxe2+ 27. R1xe2 Qf8 28. Bd7 Rxd7 29. Re8 Qxe8 30. Rxe8+ Kh7 31. Re3 Kg6 32. Kf2 h5 33. h4 c5 34. Kf3 Kf5 35. a3 b6 36. b4 a6 37. bxc5 bxc5 38. Ke2 Kf6 39. Re4 Re7 40. Ke3 Rxe4+ 41. Kxe4 Ke6 42. a4 f5+ 43. Kf4 Kf6 44. a5 g6 45. Ke3 Ke5 46. d4+ cxd4+ 47. Kd3 Kd6 48. Kxd4 Kc6 49. Ke5 Kc5 50. Kf6 Kxc4 51. Kxg6 Kb5 52. Kxh5 Kxa5 53. Kg5 Kb5 54. h5 f4 55. h6 f3 56. h7 f2 57. h8Q f1Q 58. Qe5+ Kb6 59. Qe3+ Ka5 60. Qc5+ Qb5 61. Qf5 Qxf5+ 62. Kxf5 Kb5 63. g4 a5 64. g5 a4 65. g6 a3 66. g7 a2 67. g8Q a1Q 68. Qd5+ Kb6 69. Qe6+ Kc5 70. Qe7+ Kc4 71. Qc7+ Kd3 72. Qg3+ Kc4 73. Qc7+ Kd5 74. Qd7+ Kc4 75. Qe6+ Kd3 76. Qe4+ Kd2 77. Qf4+ Ke2 78. Qh2+ Kd3 79. Qg3+ Kc2 80. Qf2+ Kd3 81. Qf3+ Kc4 82. Qe2+ Kb3 83. Qb5+ Kc2 84. Qe2+ Kb3 85. Qe6+ Kc2 86. Qe2+ Kb3 87. Qe6+ Kc2 1/2-1/2

[Event "ITA-ch Seniors 31st"]
[Site "Arvier"]
[Date "2009.04.27"]
[Round "4"]
[White "Lisandri, Luigi"]
[Black "De Zaiacomo, Tonino"]
[Result "0-1"]
[WhiteElo "1458"]
[BlackElo "1787"]
[PlyCount "27"]
[EventDate "2009.04.24"]
[EventType "swiss"]
[EventRounds "9"]
[EventCountry "ITA"]
[SourceTitle "EXT 2011"]
[Source "ChessBase"]
[SourceDate "2010.11.26"]
[SourceVersion "1"]
[SourceVersionDate "2010.11.26"]
[SourceQuality "1"]

1. c4 Nf6 2. Nf3 d6 3. e3 e5 4. Be2 Be7 5. 0-0 0-0 6. Nc3 c6 7. d3 h6 8. b3 Be6 9. Bb2 Nbd7 10. Qc1 Rc8 11. Nd2 d5 12. Ba3 b5 13. Bxe7 Qxe7 14. Qa3 0-1